[Event "Bundesliga 9798"]
[Site "Deutschland"]
[Date "1998.??.??"]
[Round "?.7"]
[White "Schuh, Hubert"]
[Black "Hennig, Dirk"]
[Result "0-1"]
[WhiteElo "2305"]
[BlackElo "2435"]
[PlyCount "64"]
[EventDate "1997.10.??"]
[EventType "team"]
[EventRounds "15"]
[EventCountry "GER"]
[SourceTitle "Bundesliga 9798"]
[Source "DeepChess"]
[SourceDate "2005.01.01"]
[SourceVersion "1"]
[SourceVersionDate "2005.01.01"]
[SourceQuality "1"]
[WhiteTeam "SK Zaehringen 1921"]
[BlackTeam "SV Castrop Rauxel 1923"]
[WhiteTeamCountry "GER"]
[BlackTeamCountry "GER"]

1. d4 g6 2. Nf3 Bg7 3. c4 d6 4. g3 Nc6 5. d5 Ne5 6. Nxe5 Bxe5 7. Bg2 Bg7 8. O-O
Nf6 9. Nc3 Nd7 10. Be3 Bxc3 11. bxc3 b6 12. Qd4 f6 13. f4 Nc5 14. Bf2 Qd7 15.
e4 Ba6 16. Rfe1 O-O-O 17. e5 Rhf8 18. Bf1 Kb8 19. exf6 exf6 20. Re3 f5 21. Rae1
Rde8 22. Rxe8+ Rxe8 23. Rxe8+ Qxe8 24. Qg7 Ne4 25. Qxh7 Nd2 26. Bd3 Qa4 27. Kg2
Bxc4 28. Qh8+ Kb7 29. Qd4 Qxa2 30. Bxc4 Nxc4 31. Kh3 Qe2 32. Bg1 a5 0-1

[Event "Bundesliga 9798"]
[Site "Deutschland"]
[Date "1998.??.??"]
[Round "?.8"]
[White "Hille, Ralph Ingo"]
[Black "Herbrechtsmeier, Christof"]
[Result "0-1"]
[WhiteElo "2235"]
[BlackElo "2280"]
[PlyCount "79"]
[EventDate "1997.10.??"]
[EventType "team"]
[EventRounds "15"]
[EventCountry "GER"]
[SourceTitle "Bundesliga 9798"]
[Source "DeepChess"]
[SourceDate "2005.01.01"]
[SourceVersion "1"]
[SourceVersionDate "2005.01.01"]
[SourceQuality "1"]
[WhiteTeam "SV Castrop Rauxel 1923"]
[BlackTeam "SK Zaehringen 1921"]
[WhiteTeamCountry "GER"]
[BlackTeamCountry "GER"]

1. d4 Nf6 2. g3 g6 3. Bg2 d5 4. Nf3 Bg7 5. O-O O-O 6. c4 Nc6 7. Ne5 Nxe5 8.
dxe5 Ng4 9. cxd5 Nxe5 10. Nc3 c6 11. Qb3 cxd5 12. Nxd5 Nc6 13. Be3 e6 14. Nc3
Nd4 15. Bxd4 Bxd4 16. Rfd1 Qb6 17. Qxb6 Bxb6 18. Nb5 Bd8 19. Rac1 e5 20. Nd6
Bg5 21. e3 Bg4 22. Rd5 Be6 23. Rxe5 Bf6 24. Rb5 Bxa2 25. Bxb7 Rad8 26. Ne4 Bg7
27. Ra1 Be6 28. Kg2 a6 29. Rb6 Rb8 30. Nc5 Bd5+ 31. e4 Bxb7 32. Rxb7 Rxb7 33.
Nxb7 Rb8 34. Nc5 Rxb2 35. Rxa6 Bd4 36. Nd3 Rd2 37. Ra3 h5 38. Kf1 Rc2 39. Ra4
Bb6 40. Rb4 $138 0-1

[Event "Bundesliga 9798"]
[Site "Deutschland"]
[Date "1997.??.??"]
[Round "?.1"]
[White "Cvitan, Ognjen"]
[Black "Epishin, Vladimir"]
[Result "1-0"]
[WhiteElo "2570"]
[BlackElo "2570"]
[PlyCount "49"]
[EventDate "1997.10.??"]
[EventType "team"]
[EventRounds "15"]
[EventCountry "GER"]
[SourceTitle "Bundesliga 9798"]
[Source "DeepChess"]
[SourceDate "2005.01.01"]
[SourceVersion "1"]
[SourceVersionDate "2005.01.01"]
[SourceQuality "1"]
[WhiteTeam "SK Zaehringen 1921"]
[BlackTeam "SV Empor Berlin e.V."]
[WhiteTeamCountry "GER"]
[BlackTeamCountry "GER"]

1. d4 g6 2. e4 Bg7 3. Nc3 d6 4. Be3 a6 5. Qd2 Nd7 6. a4 e5 7. Nf3 Ngf6 8. dxe5
dxe5 9. Bc4 Qe7 10. O-O O-O 11. a5 Nc5 12. Bg5 c6 13. Qe3 Re8 14. Rfe1 Qf8 15.
b4 Ne6 16. Rab1 h6 17. Bxf6 Bxf6 18. Na4 Nd4 19. Nxd4 exd4 20. Qg3 Be6 21. Bxe6
Rxe6 22. Nc5 Re7 23. e5 Qe8 24. f4 Bg7 25. h4 1-0

[Event "Bundesliga 9798"]
[Site "Deutschland"]
[Date "1997.??.??"]
[Round "?.2"]
[White "Muse, Mladen"]
[Black "Siegel, Georg"]
[Result "1/2-1/2"]
[WhiteElo "2460"]
[BlackElo "2540"]
[PlyCount "73"]
[EventDate "1997.10.??"]
[EventType "team"]
[EventRounds "15"]
[EventCountry "GER"]
[SourceTitle "Bundesliga 9798"]
[Source "DeepChess"]
[SourceDate "2005.01.01"]
[SourceVersion "1"]
[SourceVersionDate "2005.01.01"]
[SourceQuality "1"]
[WhiteTeam "SV Empor Berlin e.V."]
[BlackTeam "SK Zaehringen 1921"]
[WhiteTeamCountry "GER"]
[BlackTeamCountry "GER"]

1. d4 Nf6 2. Nf3 e6 3. c4 b6 4. e3 Bb7 5. Bd3 d5 6. O-O Nbd7 7. Nc3 c5 8. cxd5
exd5 9. b3 Bd6 10. Bb2 O-O 11. Rc1 Qe7 12. Nb5 Bb8 13. dxc5 bxc5 14. Ba3 a6 15.
Nbd4 Ne4 16. Nf5 Qe6 17. Ng3 Bd6 18. Bxe4 dxe4 19. Nd2 f5 20. Nc4 Bc7 21. Rc2
f4 22. exf4 Rxf4 23. Rd2 Bc6 24. Ne3 Ne5 25. Bxc5 Nd3 26. Bd4 Raf8 27. Nc2 Rh4
28. Be3 Be5 29. Nd4 Bxd4 30. Bxd4 Nf4 31. Bc5 Nxg2 32. Rd8 Re8 33. Qd6 Qf7 34.
Rxe8+ Qxe8 35. Kxg2 Qc8 36. Kg1 Rh6 37. Qe7 1/2-1/2

[Event "Bundesliga 9798"]
[Site "Deutschland"]
[Date "1997.??.??"]
[Round "?.3"]
[White "Baklan, Vladimir"]
[Black "Poldauf, Dirk"]
[Result "1-0"]
[WhiteElo "2570"]
[BlackElo "2455"]
[PlyCount "85"]
[EventDate "1997.10.??"]
[EventType "team"]
[EventRounds "15"]
[EventCountry "GER"]
[SourceTitle "Bundesliga 9798"]
[Source "DeepChess"]
[SourceDate "2005.01.01"]
[SourceVersion "1"]
[SourceVersionDate "2005.01.01"]
[SourceQuality "1"]
[WhiteTeam "SK Zaehringen 1921"]
[BlackTeam "SV Empor Berlin e.V."]
[WhiteTeamCountry "GER"]
[BlackTeamCountry "GER"]

1. e4 e6 2. d4 d5 3. Nd2 Nf6 4. Bd3 c5 5. e5 Nfd7 6. c3 Nc6 7. Ne2 cxd4 8. cxd4
f6 9. exf6 Nxf6 10. O-O Bd6 11. Nf3 Qc7 12. Bg5 O-O 13. Bh4 Bd7 14. Bg3 Be8 15.
Rc1 Bh5 16. Ne5 Bxe5 17. dxe5 Nd7 18. Qc2 Bxe2 19. Qxe2 Rf7 20. f4 Qb6+ 21. Kh1
Nd4 22. Qd2 Nf5 23. Bf2 Qd8 24. Qb4 Nf8 25. a4 h5 26. a5 g6 27. Rc2 g5 28. Bc5
Ng6 29. Bxf5 Rxf5 30. Qxb7 Nxf4 31. Be7 Qb8 32. a6 Rf7 33. Rfc1 Kh7 34. Rc7 Nd3
35. Bxg5 Rxc7 36. Rxc7+ Kg6 37. Rg7+ Kf5 38. Qf7+ Ke4 39. Qf3+ Kd4 40. Rb7 Qf8
41. Qe3+ Kc4 42. b3+ Kc3 43. Rc7+ 1-0

[Event "Bundesliga 9798"]
[Site "Deutschland"]
[Date "1997.??.??"]
[Round "?.5"]
[White "Toth, Bela"]
[Black "Hetey, Laszlo"]
[Result "1/2-1/2"]
[WhiteElo "2395"]
[BlackElo "2345"]
[PlyCount "42"]
[EventDate "1997.10.??"]
[EventType "team"]
[EventRounds "15"]
[EventCountry "GER"]
[SourceTitle "Bundesliga 9798"]
[Source "DeepChess"]
[SourceDate "2005.01.01"]
[SourceVersion "1"]
[SourceVersionDate "2005.01.01"]
[SourceQuality "1"]
[WhiteTeam "SK Zaehringen 1921"]
[BlackTeam "SV Empor Berlin e.V."]
[WhiteTeamCountry "GER"]
[BlackTeamCountry "GER"]

1. d4 Nf6 2. c4 g6 3. g3 Bg7 4. Bg2 O-O 5. Nc3 d6 6. Nf3 c6 7. O-O Qa5 8. h3
Be6 9. d5 cxd5 10. Nd4 dxc4 11. Nxe6 fxe6 12. Bxb7 Nbd7 13. Bxa8 Rxa8 14. e4
Rb8 15. Rb1 Ne5 16. Bd2 Nfd7 17. Kg2 Nd3 18. Qc2 Nb4 19. Qd1 Nd3 20. Qc2 Nb4
21. Qd1 Nd3 1/2-1/2

[Event "Bundesliga 9798"]
[Site "Deutschland"]
[Date "1997.??.??"]
[Round "?.6"]
[White "Thinius, Marco"]
[Black "Maier, Christian"]
[Result "1/2-1/2"]
[WhiteElo "2310"]
[BlackElo "2380"]
[PlyCount "107"]
[EventDate "1997.10.??"]
[EventType "team"]
[EventRounds "15"]
[EventCountry "GER"]
[SourceTitle "Bundesliga 9798"]
[Source "DeepChess"]
[SourceDate "2005.01.01"]
[SourceVersion "1"]
[SourceVersionDate "2005.01.01"]
[SourceQuality "1"]
[WhiteTeam "SV Empor Berlin e.V."]
[BlackTeam "SK Zaehringen 1921"]
[WhiteTeamCountry "GER"]
[BlackTeamCountry "GER"]

1. Nf3 d6 2. d4 Nf6 3. c4 g6 4. Nc3 Bg7 5. e4 O-O 6. Be2 e5 7. Be3 exd4 8. Nxd4
Re8 9. f3 c6 10. Bf2 Bh6 11. O-O Nh5 12. g3 Bh3 13. Re1 Nd7 14. f4 Nxf4 15.
gxf4 Bxf4 16. Kh1 Ne5 17. Rg1 Qf6 18. Qe1 h5 19. Rd1 Ng4 20. Bxg4 hxg4 21. Be3
Be5 22. Qf2 g3 23. Rxg3 Qxf2 24. Bxf2 Bxg3 25. Bxg3 Rad8 26. Kg1 f6 27. Nde2
Bg4 28. Kf2 Bxe2 29. Kxe2 d5 30. cxd5 cxd5 31. Nxd5 Rxe4+ 32. Kf3 Ree8 33.
Nxf6+ Kf7 34. Nxe8 Rxd1 35. Nd6+ Ke6 36. Nxb7 Kd5 37. Na5 Rd2 38. b3 Rxa2 39.
Nc4 a5 40. Bc7 a4 41. Ne3+ Kc6 42. bxa4 Kxc7 43. Nd5+ Kd6 44. Nf4 Rxh2 45. Nxg6
Ra2 46. Nf4 Rxa4 47. Ke3 Ke5 48. Nd3+ Kf5 49. Kd2 Rg4 50. Ke3 Rc4 51. Nf2 Rc8
52. Nd3 Rd8 53. Nf2 Re8+ 54. Kd4 1/2-1/2

[Event "Bundesliga 9798"]
[Site "Deutschland"]
[Date "1997.??.??"]
[Round "?.7"]
[White "Roos, Jean Luc"]
[Black "Richter, Michael"]
[Result "1-0"]
[WhiteElo "2310"]
[BlackElo "2370"]
[PlyCount "151"]
[EventDate "1997.10.??"]
[EventType "team"]
[EventRounds "15"]
[EventCountry "GER"]
[SourceTitle "Bundesliga 9798"]
[Source "DeepChess"]
[SourceDate "2005.01.01"]
[SourceVersion "1"]
[SourceVersionDate "2005.01.01"]
[SourceQuality "1"]
[WhiteTeam "SK Zaehringen 1921"]
[BlackTeam "SV Empor Berlin e.V."]
[WhiteTeamCountry "GER"]
[BlackTeamCountry "GER"]

1. e4 c5 2. Nc3 Nc6 3. g3 g6 4. Bg2 Bg7 5. d3 e6 6. Be3 d6 7. f4 Nge7 8. Nf3
O-O 9. O-O Nd4 10. Bf2 Qb6 11. Rb1 Bd7 12. Nd2 Rac8 13. Ne2 Qa6 14. Nc1 b5 15.
c3 Ndc6 16. a3 Rfe8 17. Ne2 Na5 18. b4 Nb7 19. Qb3 Rc7 20. Rfc1 Rec8 21. d4
cxd4 22. cxd4 d5 23. e5 Qb6 24. Qb2 a5 25. Rxc7 Rxc7 26. Nb3 Bf8 27. Nc5 Nxc5
28. dxc5 Qa6 29. Nd4 Nc6 30. Bf1 Nxd4 31. Bxd4 a4 32. Bd3 Qc8 33. Qe2 Rb7 34.
g4 Qd8 35. Kh1 Bh6 36. Qf2 Bc6 37. Rg1 Bg7 38. Re1 Qe8 39. f5 Bf8 40. Re3 Bh6
41. Rh3 Bg5 42. f6 Qf8 43. Kg1 Rb8 44. Kf1 Rb7 45. Ke2 Kh8 46. Kd1 Rb8 47. Bc2
Rb7 48. Bd3 Rb8 49. Bf1 Rb7 50. Bg2 Rd7 51. Kc2 Rd8 52. Bb2 Rd7 53. Qd4 Rb7 54.
Bc3 Rb8 55. Be1 Rd8 56. Rf3 Qh6 57. Rh3 Qf8 58. Bh4 Bxh4 59. Rxh4 Rb8 60. g5
Qg8 61. Rh6 Rc8 62. Bf1 Rc7 63. Bd3 Rc8 64. h4 Rc7 65. h5 Be8 66. Qh4 Rb7 67.
Kc3 Ra7 68. Kd4 Rc7 69. Qh3 Ra7 70. Qf1 Rb7 71. c6 Rc7 72. Bxb5 Bxc6 73. hxg6
fxg6 74. Bxc6 Qb8 75. Qb5 Qa7+ 76. Qc5 1-0

[Event "Bundesliga 9798"]
[Site "Deutschland"]
[Date "1997.??.??"]
[Round "?.8"]
[White "Deev, Andrei"]
[Black "Herbrechtsmeier, Christof"]
[Result "0-1"]
[WhiteElo "2400"]
[BlackElo "2280"]
[PlyCount "78"]
[EventDate "1997.10.??"]
[EventType "team"]
[EventRounds "15"]
[EventCountry "GER"]
[SourceTitle "Bundesliga 9798"]
[Source "DeepChess"]
[SourceDate "2005.01.01"]
[SourceVersion "1"]
[SourceVersionDate "2005.01.01"]
[SourceQuality "1"]
[WhiteTeam "SV Empor Berlin e.V."]
[BlackTeam "SK Zaehringen 1921"]
[WhiteTeamCountry "GER"]
[BlackTeamCountry "GER"]

1. e4 d5 2. exd5 Nf6 3. d4 Bg4 4. Nf3 Qxd5 5. Be2 Nc6 6. c4 Qh5 7. d5 Ne5 8.
Qb3 O-O-O 9. Qe3 Bxf3 10. gxf3 e6 11. f4 Bb4+ 12. Bd2 Nxc4 13. Bxc4 Nxd5 14.
Bxd5 exd5 15. O-O Bc5 16. Qd3 f5 17. Nc3 Rd6 18. h3 Re8 19. Rae1 Re4 20. Kh2 c6
21. Nxe4 dxe4 22. Qe2 Qh4 23. Rc1 Bd4 24. Rc3 Bxc3 25. bxc3 Rd3 26. Be3 g5 27.
Rd1 gxf4 28. Rxd3 exd3 29. Qxd3 fxe3 30. Qxf5+ Kc7 31. Qe5+ Kd7 32. Qxe3 b6 33.
f4 Qf6 34. Qe4 h6 35. Qd3+ Ke7 36. Kg3 Qg7+ 37. Kf3 Qf6 38. a4 Qh4 39. Qe4+ Kd7
0-1

[Event "Bundesliga 9798"]
[Site "Deutschland"]
[Date "1997.??.??"]
[Round "?.2"]
[White "Siegel, Georg"]
[Black "Casper, Thomas"]
[Result "0-1"]
[WhiteElo "2540"]
[BlackElo "2415"]
[PlyCount "120"]
[EventDate "1997.10.??"]
[EventType "team"]
[EventRounds "15"]
[EventCountry "GER"]
[SourceTitle "Bundesliga 9798"]
[Source "DeepChess"]
[SourceDate "2005.01.01"]
[SourceVersion "1"]
[SourceVersionDate "2005.01.01"]
[SourceQuality "1"]
[WhiteTeam "SK Zaehringen 1921"]
[BlackTeam "SV Erfurt West 90"]
[WhiteTeamCountry "GER"]
[BlackTeamCountry "GER"]

1. d4 Nf6 2. c4 d6 3. Nc3 Nbd7 4. e4 e5 5. Nf3 g6 6. Be2 Bg7 7. O-O O-O 8. Re1
c6 9. Bf1 h6 10. d5 c5 11. Rb1 Nh7 12. g3 Ndf6 13. Bg2 Ne8 14. Rf1 Bd7 15. Bd2
Qc8 16. Qc1 h5 17. Bh6 Bh3 18. Nh4 Bxg2 19. Kxg2 Nef6 20. Bd2 Qd7 21. Qd1 Rfe8
22. Qe2 Re7 23. a4 Ne8 24. b4 b6 25. a5 Nc7 26. b5 Ne8 27. Ra1 Qd8 28. Ra3 Bf6
29. Nf3 Ng7 30. Rfa1 Rb8 31. axb6 axb6 32. Ra6 Nf8 33. Ne1 Re8 34. Qf3 Nh7 35.
h4 Be7 36. Bh6 Nf6 37. Ra7 Ng4 38. Bg5 f6 39. Bd2 f5 40. Qd3 Rf8 41. f3 Nf6 42.
exf5 gxf5 43. Bh6 Nfe8 44. Nc2 Kh7 45. Bd2 Kg8 46. R1a6 Rf7 47. Na4 Nc7 48.
Rxb6 Rxb6 49. Ba5 Na8 50. Nxb6 Nxb6 51. Ra6 f4 52. Bxb6 Qc8 53. Ra7 Qb8 54.
Bxc5 dxc5 55. Qa3 Bf8 56. Ra8 Qc7 57. Qa6 e4 58. fxe4 Qe5 59. Qg6 Qc3 60. e5
f3+ 0-1

[Event "Bundesliga 9798"]
[Site "Deutschland"]
[Date "1997.??.??"]
[Round "?.3"]
[White "Kuczynski, Robert"]
[Black "Baklan, Vladimir"]
[Result "1/2-1/2"]
[WhiteElo "2495"]
[BlackElo "2570"]
[PlyCount "73"]
[EventDate "1997.10.??"]
[EventType "team"]
[EventRounds "15"]
[EventCountry "GER"]
[SourceTitle "Bundesliga 9798"]
[Source "DeepChess"]
[SourceDate "2005.01.01"]
[SourceVersion "1"]
[SourceVersionDate "2005.01.01"]
[SourceQuality "1"]
[WhiteTeam "SV Erfurt West 90"]
[BlackTeam "SK Zaehringen 1921"]
[WhiteTeamCountry "GER"]
[BlackTeamCountry "GER"]

1. e4 c5 2. Nf3 Nc6 3. Bb5 g6 4. Bxc6 dxc6 5. d3 Bg7 6. h3 Nf6 7. Nc3 O-O 8.
Be3 b6 9. Qd2 e5 10. Bh6 Qd6 11. Bxg7 Kxg7 12. O-O-O Be6 13. Nh2 Rad8 14. Rhf1
c4 15. f4 exf4 16. d4 Nh5 17. Ne2 f5 18. d5 cxd5 19. exd5 Bxd5 20. Nxf4 Nxf4
21. Rxf4 Rf6 22. Rd4 Qxh2 23. Rxd5 Rxd5 24. Qxd5 Qf4+ 25. Kb1 Qe4 26. Qd2 Re6
27. a4 a5 28. Qd8 Re7 29. Qxb6 c3 30. Qxa5 cxb2 31. Qc3+ Kf7 32. Qh8 Qh4 33.
Qd4 Qg3 34. Qd5+ Kf8 35. Qd8+ Kf7 36. Qd4 Kf8 37. Qd5 1/2-1/2

[Event "Bundesliga 9798"]
[Site "Deutschland"]
[Date "1997.??.??"]
[Round "?.5"]
[White "Renner, Christoph"]
[Black "Roos, Louis"]
[Result "0-1"]
[WhiteElo "2415"]
[BlackElo "2365"]
[PlyCount "70"]
[EventDate "1997.10.??"]
[EventType "team"]
[EventRounds "15"]
[EventCountry "GER"]
[SourceTitle "Bundesliga 9798"]
[Source "DeepChess"]
[SourceDate "2005.01.01"]
[SourceVersion "1"]
[SourceVersionDate "2005.01.01"]
[SourceQuality "1"]
[WhiteTeam "SV Erfurt West 90"]
[BlackTeam "SK Zaehringen 1921"]
[WhiteTeamCountry "GER"]
[BlackTeamCountry "GER"]

1. e4 c5 2. c3 e6 3. d4 d5 4. e5 Nc6 5. Be3 Qb6 6. Qd2 Bd7 7. Nf3 cxd4 8. cxd4
Rc8 9. Nc3 Na5 10. h4 Bb4 11. h5 h6 12. Bd3 Nc4 13. Bxc4 Rxc4 14. O-O Ne7 15.
Nh4 Nc6 16. Rad1 Qa5 17. Qe2 Rg8 18. Nb1 Qxa2 19. Rd3 Nxe5 20. dxe5 Rxh4 21.
Na3 g6 22. Rc1 gxh5 23. f3 a6 24. Bxh6 Be7 25. Qc2 Rb4 26. Rb1 Rg6 27. Be3 Ra4
28. Rc3 d4 29. Rc8+ Bxc8 30. Qxc8+ Bd8 31. Rd1 Qxb2 32. Nc2 Qb6 33. Bxd4 Qc7
34. Qa8 Qxc2 35. Qxd8+ Kxd8 0-1

[Event "Bundesliga 9798"]
[Site "Deutschland"]
[Date "1997.??.??"]
[Round "?.6"]
[White "Roos, Jean Luc"]
[Black "Troyke, Christian"]
[Result "0-1"]
[WhiteElo "2310"]
[BlackElo "2400"]
[PlyCount "84"]
[EventDate "1997.10.??"]
[EventType "team"]
[EventRounds "15"]
[EventCountry "GER"]
[SourceTitle "Bundesliga 9798"]
[Source "DeepChess"]
[SourceDate "2005.01.01"]
[SourceVersion "1"]
[SourceVersionDate "2005.01.01"]
[SourceQuality "1"]
[WhiteTeam "SK Zaehringen 1921"]
[BlackTeam "SV Erfurt West 90"]
[WhiteTeamCountry "GER"]
[BlackTeamCountry "GER"]

1. e4 c5 2. Nc3 Nc6 3. g3 g6 4. Bg2 Bg7 5. d3 d6 6. f4 e6 7. Nf3 Nge7 8. O-O
O-O 9. Be3 b6 10. Bf2 Bb7 11. Qd2 Nd4 12. a4 Qd7 13. Nxd4 cxd4 14. Ne2 e5 15.
a5 f5 16. c3 fxe4 17. dxe4 dxc3 18. Nxc3 exf4 19. gxf4 bxa5 20. Rxa5 Nc6 21.
Rd5 Qg4 22. Bg3 Rad8 23. Qd1 Qe6 24. Qa4 Ne7 25. Rdd1 Nc8 26. f5 Qe8 27. Qa3
gxf5 28. Qb3+ Qf7 29. Nd5 Bxd5 30. Rxd5 Ne7 31. exf5 Kh8 32. Bh4 Rb8 33. Rb5
Rxb5 34. Qxb5 Nxf5 35. Bf2 Be5 36. Qe2 Qg7 37. Be1 Bxb2 38. Kh1 Be5 39. Be4 Qg5
40. Qf3 Ng3+ 41. Bxg3 Rxf3 42. Rxf3 Bxg3 0-1

[Event "Bundesliga 9798"]
[Site "Deutschland"]
[Date "1997.??.??"]
[Round "?.7"]
[White "Fuhrmann, Daniel"]
[Black "Schuh, Hubert"]
[Result "1-0"]
[WhiteElo "2295"]
[BlackElo "2305"]
[PlyCount "81"]
[EventDate "1997.10.??"]
[EventType "team"]
[EventRounds "15"]
[EventCountry "GER"]
[SourceTitle "Bundesliga 9798"]
[Source "DeepChess"]
[SourceDate "2005.01.01"]
[SourceVersion "1"]
[SourceVersionDate "2005.01.01"]
[SourceQuality "1"]
[WhiteTeam "SV Erfurt West 90"]
[BlackTeam "SK Zaehringen 1921"]
[WhiteTeamCountry "GER"]
[BlackTeamCountry "GER"]

1. d4 d5 2. c4 e6 3. Nc3 Nf6 4. Nf3 Be7 5. Bg5 Nbd7 6. e3 c6 7. Qc2 O-O 8. a3
a6 9. Rd1 dxc4 10. Bxc4 Nd5 11. Bxe7 Qxe7 12. Ba2 N5f6 13. O-O b6 14. e4 Bb7
15. e5 Ne8 16. Rfe1 Rb8 17. Ne4 c5 18. Neg5 g6 19. d5 Bxd5 20. Bxd5 exd5 21. e6
fxe6 22. Rxe6 Qg7 23. Qe2 h6 24. Re7 hxg5 25. Rxg7+ Nxg7 26. Rxd5 Rbe8 27. Qd1
g4 28. Rxd7 gxf3 29. gxf3 Rf7 30. Qd5 Re6 31. Rd6 Rxd6 32. Qxd6 Nf5 33. Qxb6
Re7 34. Qxc5 Re6 35. Qc4 Kf7 36. b4 Kf6 37. h4 Rd6 38. a4 Kg7 39. b5 axb5 40.
axb5 Kh6 41. Qf4+ 1-0

[Event "Bundesliga 9798"]
[Site "Deutschland"]
[Date "1997.??.??"]
[Round "?.8"]
[White "Vatter, Hans Joachim"]
[Black "Voekler, Bernd"]
[Result "1/2-1/2"]
[WhiteElo "2265"]
[BlackElo "2395"]
[PlyCount "60"]
[EventDate "1997.10.??"]
[EventType "team"]
[EventRounds "15"]
[EventCountry "GER"]
[SourceTitle "Bundesliga 9798"]
[Source "DeepChess"]
[SourceDate "2005.01.01"]
[SourceVersion "1"]
[SourceVersionDate "2005.01.01"]
[SourceQuality "1"]
[WhiteTeam "SK Zaehringen 1921"]
[BlackTeam "SV Erfurt West 90"]
[WhiteTeamCountry "GER"]
[BlackTeamCountry "GER"]

1. e4 e6 2. d4 d5 3. Nc3 Bb4 4. Bd3 b6 5. Nge2 Bb7 6. O-O Nf6 7. e5 Nfd7 8. Ng3
g6 9. a3 Bxc3 10. bxc3 c5 11. a4 Nc6 12. Bb5 Na5 13. Qf3 Qe7 14. Ba3 Bc6 15.
Bxc6 Nxc6 16. Ne2 Na5 17. Nf4 Rc8 18. Rfe1 Nc4 19. Bc1 Nb8 20. Qh3 Rc7 21. Nd3
h5 22. Qg3 h4 23. Qg4 Rh5 24. a5 Nxa5 25. dxc5 Nd7 26. cxb6 axb6 27. Ba3 Qg5
28. Qxg5 Rxg5 29. Bb4 Rg4 30. f4 g5 1/2-1/2

[Event "Bundesliga 9798"]
[Site "Deutschland"]
[Date "1998.??.??"]
[Round "?.1"]
[White "Hodgson, Julian M"]
[Black "Kupreichik, Viktor D"]
[Result "1-0"]
[WhiteElo "2590"]
[BlackElo "2500"]
[PlyCount "45"]
[EventDate "1997.10.??"]
[EventType "team"]
[EventRounds "15"]
[EventCountry "GER"]
[SourceTitle "Bundesliga 9798"]
[Source "DeepChess"]
[SourceDate "2005.01.01"]
[SourceVersion "1"]
[SourceVersionDate "2005.01.01"]
[SourceQuality "1"]
[WhiteTeam "SK Zaehringen 1921"]
[BlackTeam "SVG Plettenberg"]
[WhiteTeamCountry "GER"]
[BlackTeamCountry "GER"]

1. d4 e6 2. e4 d5 3. Nc3 Bb4 4. e5 Ne7 5. Nf3 c5 6. dxc5 Nbc6 7. Bd3 d4 8. a3
Ba5 9. b4 Nxb4 10. axb4 Bxb4 11. O-O Bxc3 12. Rb1 Qc7 13. Ng5 Qxe5 14. Qh5 g6
15. Qh6 Ng8 16. Qh4 Kf8 17. Bf4 Qd5 18. Bd6+ Kg7 19. Nxf7 Kxf7 20. Qd8 e5 21.
Qf8+ Ke6 22. f4 e4 23. f5+ 1-0

[Event "Bundesliga 9798"]
[Site "Deutschland"]
[Date "1998.??.??"]
[Round "?.2"]
[White "Dydyshko, Viacheslav"]
[Black "Siegel, Georg"]
[Result "1/2-1/2"]
[WhiteElo "2490"]
[BlackElo "2540"]
[PlyCount "36"]
[EventDate "1997.10.??"]
[EventType "team"]
[EventRounds "15"]
[EventCountry "GER"]
[SourceTitle "Bundesliga 9798"]
[Source "DeepChess"]
[SourceDate "2005.01.01"]
[SourceVersion "1"]
[SourceVersionDate "2005.01.01"]
[SourceQuality "1"]
[WhiteTeam "SVG Plettenberg"]
[BlackTeam "SK Zaehringen 1921"]
[WhiteTeamCountry "GER"]
[BlackTeamCountry "GER"]

1. d4 Nf6 2. c4 e6 3. Nf3 b6 4. g3 Ba6 5. b3 b5 6. cxb5 Bxb5 7. Nc3 Ba6 8. Bg2
d5 9. b4 Bd6 10. O-O O-O 11. Rb1 c6 12. Qc2 Qe7 13. a3 Nbd7 14. Re1 Bb7 15. Bf4
Bxf4 16. gxf4 a5 17. e3 Ba6 18. Rb2 Nb6 1/2-1/2

[Event "Bundesliga 9798"]
[Site "Deutschland"]
[Date "1998.??.??"]
[Round "?.3"]
[White "Baklan, Vladimir"]
[Black "Danner, Georg"]
[Result "1-0"]
[WhiteElo "2570"]
[BlackElo "2415"]
[PlyCount "129"]
[EventDate "1997.10.??"]
[EventType "team"]
[EventRounds "15"]
[EventCountry "GER"]
[SourceTitle "Bundesliga 9798"]
[Source "DeepChess"]
[SourceDate "2005.01.01"]
[SourceVersion "1"]
[SourceVersionDate "2005.01.01"]
[SourceQuality "1"]
[WhiteTeam "SK Zaehringen 1921"]
[BlackTeam "SVG Plettenberg"]
[WhiteTeamCountry "GER"]
[BlackTeamCountry "GER"]

1. e4 c5 2. Nf3 e6 3. c3 d5 4. exd5 Qxd5 5. d4 Nf6 6. Na3 a6 7. Nc4 Nbd7 8. Bf4
cxd4 9. Qxd4 Bc5 10. Qxd5 Nxd5 11. Bg3 N7f6 12. Nfd2 O-O 13. Be2 b5 14. Ne5 Bb7
15. Nb3 Bb6 16. a4 Ne4 17. Nd7 Nxg3 18. hxg3 Rfd8 19. Ndc5 Bc6 20. a5 Bxc5 21.
Nxc5 Nf6 22. f3 Nd7 23. Nd3 Bd5 24. Rh4 Bc4 25. Rd1 Bxd3 26. Bxd3 Nf6 27. Be2
Rxd1+ 28. Kxd1 Rd8+ 29. Kc1 g5 30. Rh1 Kg7 31. Rd1 Nd5 32. f4 gxf4 33. gxf4 Rc8
34. Rd4 Rc5 35. Kd2 Ne7 36. Rd6 Rd5+ 37. Rxd5 Nxd5 38. Bf3 Nc7 39. Ke3 Kf6 40.
Kd4 Ke7 41. Kc5 f6 42. Kc6 Kd8 43. Kd6 h6 44. Bb7 e5 45. fxe5 fxe5 46. Bc6 h5
47. g3 e4 48. Bxe4 Ne8+ 49. Kc6 Nf6 50. Bf3 Nd7 51. Kd6 Nf6 52. Ke6 Nd7 53. b4
Nf8+ 54. Kd6 Nh7 55. Bxh5 Ng5 56. Kd5 Kc7 57. Ke5 Kd7 58. Bg4+ Kc7 59. Bf5 Nf3+
60. Kd5 Ng5 61. Be4 Nh3 62. g4 Ng5 63. Ke5 Nf7+ 64. Kf6 Nd6 65. Bd5 1-0